| 000 | 00895cam a22003011 4500 | ||
|---|---|---|---|
| 001 | 7309 | ||
| 003 | BD-RjUL | ||
| 005 | 20211208234409.0 | ||
| 008 | 140113s1964 nyua b 001 0 eng c | ||
| 035 | _a(OCoLC)ocm01039921 | ||
| 035 | _a(BD-RjUL)7352 | ||
| 035 | _a(NNC)1544644 | ||
| 040 |
_aDLC/ICU _cCGU _dUKM _dZCU _dBD-RjUL _beng |
||
| 041 | _aeng | ||
| 082 | 0 | 0 |
_a519.1 _bMCI 1964 |
| 100 | 1 |
_aMcCord, James R. _922826 |
|
| 245 | 1 | 0 |
_aIntroduction to probability theory / _cJames R. McCord, III and Richard M. Moroney, Jr. |
| 260 |
_aNew York : _bMacmillan, _cc1964. |
||
| 300 |
_axvi, 232 p. : _bdiagrs. ; _c25 cm. |
||
| 500 | _aIncludes index. | ||
| 504 | _aBibliography: p. 212-213. | ||
| 650 | 0 |
_aProbabilities. _9243 |
|
| 700 | 1 |
_aMoroney, Richard M., _eauthor. _922827 |
|
| 740 | 0 | 1 | _aProbability theory. |
| 942 |
_2ddc _cBK |
||
| 999 |
_c7309 _d7309 |
||